The Future of Finance

Sparad:
Bibliografiska uppgifter
Huvudupphov: Henri Arslanian
Materialtyp: Bok
Utgiven: Springer
Ämnen:
Taggar: Lägg till en tagg
Inga taggar, Lägg till första taggen!

MARC

LEADER 00000nam a2200000Ia 4500
005 20260427112732.0
526 |b FinTech 
100 |a Henri Arslanian 
020 |a 9783030145323 
650 |a FinTech 
526 |a Masters 
942 |c BK 
245 |a The Future of Finance 
260 |b Springer 
999 |c 133  |d 133 
952 |0 0  |1 0  |4 0  |7 0  |8 3  |a BRISTOL  |b BRISTOL  |d 2026-04-22  |l 0  |p 000103  |r 2026-04-27 11:27:33  |w 2026-04-27  |y BK